| 000 | 01786nam a2200445Ii 4500 | ||
|---|---|---|---|
| 001 | DIGDYK0409 | ||
| 003 | NyNyDIG | ||
| 008 | 140407s2009 sp ob 001 0 spa d | ||
| 006 | m o d | ||
| 007 | cr ||||||||||| | ||
| 040 |
_aDGITA _beng _erda _epn _cDGITA |
||
| 020 |
_a9788490313367 _q(eBook) |
||
| 020 |
_a8490313369 _q(eBook) |
||
| 020 | _z9788498493887 | ||
| 020 | _z8498493889 | ||
| 035 | _a(OCoLC)827948096 | ||
| 043 | _ae-sp--- | ||
| 050 | 1 | 4 | _aKKT810 eBook |
| 100 | 1 |
_aReal Pérez, Alicia, _eauthor. |
|
| 245 | 1 | 0 |
_aObligaciones y contratos : _bcasos interdisciplinares : (Derecho Civil, Mercantil, Internacional Privado y Procesal) / _cFernando Gascón Inchausti (Coord.) ; Alicia Real Pérez, Emilio Díaz Ruiz, Carmen Otero García-Castrillón. |
| 264 | 1 |
_aMadrid : _bDykinson, S.L., _c2009. |
|
| 300 | _a1 online resource (125 pages) | ||
| 336 |
_atext _btxt _2rdacontent |
||
| 337 |
_acomputer _bc _2rdamedia |
||
| 338 |
_aonline resource _bcr _2rdacarrier |
||
| 504 | _aIncludes bibliographical references (pages 121-125) and index. | ||
| 588 | 0 | _aOnline resource; title from ePub and PDF title page (Digitalia, viewed April 7, 2014) | |
| 650 | 0 |
_aObligations (Law) _zSpain. |
|
| 650 | 0 |
_aContracts _zSpain. |
|
| 655 | 0 | _aElectronic books. | |
| 700 | 1 |
_aGascón Inchausti, Fernando, _eeditor. |
|
| 700 | 1 |
_aDíaz Ruiz, Emilio, _eauthor. |
|
| 700 | 1 |
_aOtero García-Castrillón, Carmen, _eauthor. |
|
| 776 | 0 | 8 |
_iPrint version: _tObligaciones y contratos. _dMadrid : Dykinson, 2009 _z9788498493887 |
| 791 | 2 |
_aDigitalia (Firm), _epublisher. |
|
| 793 | 0 |
_gDigitalia eBook Collection: _aDykinson Editorial. |
|
| 856 | 4 | 0 |
_3Digitalia Hispánica _uhttps://www.digitaliapublishing.com/a/13636/ |
| 910 | _aPremium Collection: 2013 | ||
| 942 | _cRAA | ||
| 999 |
_c233348 _d233348 |
||